Adubação fosfatada associada à cama de frango e sua influência na produtividade e no teor de flavonoides da Marcela (Achyrocline satureioides (Lam.) DC.) em duas épocas de colheita (Registro n. 299864)
[ somente texto ]
| 000 -LÍDER | |
|---|---|
| fixed length control field | 05047nab a2200373 i 4500 |
| 003 - CÓDIGO MARC DA AGÊNCIA CATALOGADORA | |
| Campo de controle | BR-BrBNA |
| 005 - DATA E HORA DA ÚLTIMA ATUALIZAÇÃO | |
| Campo de controle | 20240603102717.0 |
| 008 - CAMPO DE TAMANHO FIXO | |
| fixed length control field | 240603b2015 bl.qr|pooa||| 00| 0 por | |
| 040 ## - FONTE DA CATALOGAÇÃO | |
| Agência catalogadora | BR-BrBNA |
| Idioma da catalogação | por |
| 072 ## - CATEGORIA AGRIS | |
| Código AGRIS | F60 |
| 072 ## - CATEGORIA AGRIS | |
| Código AGRIS | F04 |
| 100 ## - ENTRADA PRINCIPAL - NOME PESSOAL | |
| Nome pessoal | Vieira, M.C. |
| 100 ## - ENTRADA PRINCIPAL - NOME PESSOAL | |
| Nome pessoal | Ramos, M.B.M. |
| 100 ## - ENTRADA PRINCIPAL - NOME PESSOAL | |
| Nome pessoal | Heredia Zárate, N.A. |
| 100 ## - ENTRADA PRINCIPAL - NOME PESSOAL | |
| Nome pessoal | Luciano, A.T. |
| 100 ## - ENTRADA PRINCIPAL - NOME PESSOAL | |
| Nome pessoal | Gonçalves, W.V. |
| 100 ## - ENTRADA PRINCIPAL - NOME PESSOAL | |
| Nome pessoal | Rodrigues, W.B. |
| 100 ## - ENTRADA PRINCIPAL - NOME PESSOAL | |
| Nome pessoal | Tabaldi, L.A. |
| 100 ## - ENTRADA PRINCIPAL - NOME PESSOAL | |
| Nome pessoal | Carvalho, T.M. De |
| 100 ## - ENTRADA PRINCIPAL - NOME PESSOAL | |
| Nome pessoal | Soares, L.F. |
| 100 ## - ENTRADA PRINCIPAL - NOME PESSOAL | |
| Nome pessoal | Siqueira, J.M. De |
| 245 ## - TÍTULO PRINCIPAL | |
| Título principal | Adubação fosfatada associada à cama de frango e sua influência na produtividade e no teor de flavonoides da Marcela (Achyrocline satureioides (Lam.) DC.) em duas épocas de colheita |
| 500 ## - NOTA GERAL | |
| Nota geral | Publicação on-line; 34 ref.; 2 tables; 3 illus.; Summaries (En, Pt) |
| 942 ## - ADDED ENTRY ELEMENTS (KOHA) | |
| Koha item type | |
| 520 ## - NOTA DE RESUMO | |
| Nota de conteúdo | <br/><br/>RESUMO: <br/><br/>Objetivou-se com este trabalho avaliar a produção de massa e o teor de flavonoides<br/>de plantas de marcela cultivadas com fósforo e cama de frango e colhidas em duas épocas.<br/>Estudou-se a combinação de doses de P2O5 (0, 100, 200 e 300 kg ha-1) na forma de superfosfato<br/>triplo, com e sem cama de frango (10 t ha-1), arranjados como fatorial 4x2, no delineamento blocos<br/>casualizados, com quatro repetições. Foram feitas duas colheitas das plantas, consideradas<br/>como parcelas subdivididas no tempo. A propagação foi indireta, com semeio em bandejas e<br/>transplante ao campo. As plantas foram colhidas aos 195 e 223 dias após o transplantio – DAT.<br/>A altura máxima das plantas foi de 1,14 m com uso da cama de frango e de 0,97 m sem cama,<br/>aos 195 dias após o transplantio. A produção máxima de massa fresca de parte aérea das<br/>plantas foi de 30,31 t ha-1 na colheita aos 223 DAT, enquanto a de massa seca foi de 11,38 t<br/>ha-1, ambas com o uso de 300 kg ha-1 de P2O5.A massa fresca de inflorescências foi maior (4,08<br/>t ha-1) com adição de cama de frango ao solo e menor (3,49 t ha-1) sem cama de frango; em<br/>resposta às doses de fósforo, cresceram linearmente, sendo a máxima de 4,65 t ha-1 com uso<br/>de300 kg ha-1 de P2O5, independente da época de colheita. A massa seca de inflorescências foi<br/>máxima de 2,38 t ha-1 com o uso de 300 kg ha-1 P2O5 na colheita aos 223 DAT. A maior produção<br/>de massa seca e o maior teor de flavonoides das inflorescências foram obtidos com o cultivo<br/>das plantas de marcela em solo com cama de frango (10 t ha-1) e com P2O5 (300 kg ha-1) na<br/>colheita aos 223 dias após o transplantio.<br/><br/>Palavras-chave: Asteraceae, resíduo orgânico, fósforo, planta medicinal. |
| 520 ## - NOTA DE RESUMO | |
| Nota de conteúdo | <br/><br/>ABSTRACT: <br/><br/>Total biomass and flavonoid contents of Achyrocline satureioides in<br/>response to phosphate fertilizer and broiler litter at two successive harvests. The aim<br/>of this experiment was to evaluate the biomass yield and flavonoid contents of Achyrocline<br/>satureioides grown under different levels of phosphate fertilizer in association with broiler litter,<br/>during two successive harvests. Four levels of P2O5 (0, 100, 200 and 300 kg ha-1), as triple<br/>superphosphate, and two levels of broiler litter (0 and 10 t ha-1) were arranged as a 4x2 factorial<br/>design in randomized blocks with four replications. Two harvests of plants, considered as splitplot, <br/>were made. Seeds were sown in polystyrene trays then transplanted to the experimental<br/>field and harvested at 195 and 223 days after transplanting (DAT). The maximum heights of the<br/>plants were 1.14 m under the addition of broiler litter and 0.97 m without it, at 195 days after<br/>transplanting. The highest yields of total fresh weight (30.31 ton ha-1) and dry weight (11.38<br/>ton ha-1) were obtained at 223 DAT, both with the concentration of 300 kg ha-1 P2O5. The fresh<br/>weight of the inflorescences was greater under the addition of broiler litter (4.08 ton ha-1) than<br/>without it (3.49 ton ha-1). The plants grew linearly in response to the use of phosphate, and the<br/>maximum yield was 4.65 ton ha-1 under the concentration of 300 kg ha-1 P2O5, regardless of the<br/>harvest season. The dry weight of the inflorescences reached maximum yield (2.38 ton ha-1)<br/>at 223 DAT, in response to the use of 300 kg ha-1 P2O5. The highest yield of dry weight and the<br/>highest contents of flavonoids from the inflorescences were obtained when A. satureioides was<br/>grown under the concentration of P2O5 (300 kg ha-1) with the addition of broiler litter (10 ton ha-1)<br/>and harvested at 223 DAT.<br/><br/>Keywords: Asteraceae, organic manure, phosphorus, medicinal plant. <br/> |
| 650 ## - ASSUNTO - THESAGRO | |
| Cabeçalho tópico ou nome geográfico | COMPOSITAE |
| 650 ## - ASSUNTO - THESAGRO | |
| Cabeçalho tópico ou nome geográfico | RESÍDUO ORGÂNICO |
| 650 ## - ASSUNTO - THESAGRO | |
| Cabeçalho tópico ou nome geográfico | FÓSFORO |
| 650 ## - ASSUNTO - THESAGRO | |
| Cabeçalho tópico ou nome geográfico | PLANTA MEDICINAL |
| 773 0# - ENTRADA ANALÍTICA | |
| Host Biblionumber | 3543 |
| Registro do item | 315533 |
| Imprenta | Botucatu-SP Instituto de Biociências - Departamento de Química e Bioquímica 1998 |
| Outro identificador | 2024-1859 |
| Título | Revista Brasileira de Plantas Medicinais (Brazil) |
| ISSN | 1516-0572 |
| Colação | v. 17(2) p. 246-253; (2015) |
| Número de controle de registro | BR2024000836 |
| 856 ## - ACESSO E ENDEREÇO ELETRÔNICO | |
| Identificador uniforme de recurso - URI | https://www.scielo.br/j/rbpm/a/fVtcZkWgvKK84C7MfsgX3DQ/?format=pdf&lang=pt |
Nenhum exemplar disponível.

BINAGRI